De las formas de gobierno y de las leyes porque se rigen / (Record no. 161504)

MARC details
000 -LEADER
campo de control de longitud fija 00667nam a22001815i 4500
001 - NÚMERO DE CONTROL
campo de control 161504
003 - IDENTIFICADOR DE NÚMERO DE CONTROL
campo de control ES-MaACL
005 - FECHA Y HORA DE LA ÚLTIMA TRANSACCIÓN
campo de control 20230906212312.0
008 - DATOS DE LONGITUD FIJA--INFORMACIÓN GENERAL
campo de control de longitud fija 981002s1871 sp |||| | spa d
040 ## - FUENTE DE CATALOGACIÓN
Centro catalogador/agencia de origen CLM
Lengua de catalogación spa
Centro/agencia transcriptor CCPB | 3D
100 1# - ENTRADA PRINCIPAL--NOMBRE DE PERSONA
Nombre de persona Passy, Hipolytte.
9 (RLIN) 130886
245 10 - MENCIÓN DEL TÍTULO
Título De las formas de gobierno y de las leyes porque se rigen /
Mención de responsabilidad, etc. obra escrita en francés por M.H. Passy y traducida al castellano por Eugenio de Ochoa.
260 ## - PUBLICACIÓN, DISTRIBUCIÓN, ETC.
Lugar de publicación, distribución, etc. Madrid :
Nombre del editor, distribuidor, etc. Carlos Bailly-Bailliere,
Fecha de publicación, distribución, etc. 1871 (
Fabricante Imp. de Bailly-Bailliere)
300 ## - DESCRIPCIÓN FÍSICA
Extensión 419, 5 p. ;
Dimensiones 19 cm.
700 0# - ENTRADA AGREGADA--NOMBRE PERSONAL
Nombre de persona Ochoa, Eugenio de.
9 (RLIN) 86476
852 ## - LOCALIZACIÓN
Ubicación ES-MaACL
Número de control de estantería F-11034
Nota libre -- Enc. pasta
Holdings
Estatus retirado Estado de pérdida Estado de daño No para préstamo Colección Biblioteca de origen Biblioteca actual Ubicación en estantería Fecha de adquisición Fuente de adquisición Total de préstamos Signatura topográfica completa Código de barras Visto por última vez Precio de reemplazo Tipo de ítem Koha
        Libros del s. XIX Biblioteca del Ateneo de Madrid Biblioteca del Ateneo de Madrid Sala Pecera Planta 2 17/01/2008     F-11034 1169171 23/02/2023 23/02/2023 Libro impreso antiguo